|
|
|
|
| LEADER |
01562nam a2200397 a 4500 |
| 001 |
000067442 |
| 003 |
CZ BrMZK |
| 005 |
20211116091132.0 |
| 007 |
ta |
| 008 |
950313s1996 xr f 0 cze d |
| 015 |
|
|
|a cnb000150140
|
| 020 |
|
|
|a 80-213-0273-9
|
| 040 |
|
|
|a BOA001
|b cze
|
| 072 |
|
7 |
|a 63
|x Zemědělství a příbuzné oblasti vědy a techniky
|2 Konspekt
|9 24
|
| 080 |
|
|
|a 631.15
|2 MRF
|
| 080 |
|
|
|a 338.363
|2 MRF
|
| 080 |
|
|
|a 631.17
|2 MRF
|
| 080 |
|
|
|a 635.015
|2 MRF
|
| 080 |
|
|
|a (062.534)
|2 MRF
|
| 245 |
0 |
0 |
|a Sborník příspěvků odborných seminářů :
|b TECHAGRO 96' : [3. mezinárodní veletrh zemědělské a lesnické techniky : Brno, 1.5 a 3.5.1996 /
|c sestavil R. Janál].
|
| 246 |
3 |
3 |
|a Mezinárodní veletrh zemědělské a lesnické techniky
|
| 246 |
3 |
3 |
|a TECHAGRO
|
| 260 |
|
|
|a Praha :
|b Česká zemědělská univerzita,
|c 1996
|
| 300 |
|
|
|a 100 s. :
|b il. ;
|c 21 cm
|
| 500 |
|
|
|a Anot. angl. - Bibliogr.
|
| 650 |
0 |
7 |
|a zemědělská výroba
|7 ph116762
|2 czenas
|
| 650 |
0 |
7 |
|a mechanizace výroby
|7 ph223712
|2 czenas
|
| 650 |
0 |
7 |
|a zemědělská technika
|7 ph116761
|2 czenas
|
| 650 |
0 |
7 |
|a zahradní technika
|7 ph116721
|2 czenas
|
| 655 |
|
7 |
|a sborníky konferencí
|7 fd133333
|2 czenas
|
| 700 |
1 |
|
|a Janál, Rudolf
|7 jx20071123038
|4 com
|
| 710 |
2 |
|
|a Česká zemědělská univerzita v Praze
|7 kn20010710172
|
| 711 |
2 |
|
|a TECHAGRO (veletrh)
|n (3. :
|d 1996 :
|c Brno, Česko)
|7 ko2004247669
|
| 910 |
|
|
|a BOA001
|b 2-1019.989
|
| 990 |
|
|
|a BK
|
| 996 |
6 |
|
|b 2610035801
|c 2-1019.989
|l MZK
|r Sklad / do 1 hodiny
|n 2
|p p.v.
|w 000067442
|u 000010
|a 1
|e BOA001
|j MZK50
|s P
|